000 00313nam a22001337a 4500
008 170815b xxu||||| |||| 00| 0 eng d
020 _a9781583605547
041 _aeng
080 _23 ED
_a51
100 _a36
101 _aNAT
245 _aCORRECTIONS IN THE COMMUNITY
_cLATESSA.E.J
942 _2udc
_cBK
999 _c23570
_d23570